Posledná alternatíva - návrat k rozumu

Bibliographic Details
Main Author: Šíbl, Drahoš, 1934-2007 (Author)
Format: Article
Language:Slovak
PhysicalDescription:Obr. 1.
Subjects:

MARC

LEADER 00000nab a2200000 a 4500
001 vtls000125829
003 SK-MaSNL
005 20260303231031.0
008 111104c1982 xo 0 slo
015 |a SNBRB19rr/mm-uuuuu 
035 |a CL0135934 
040 |a SNKBUCL  |b slo  |c SNKBUCL  |e AACR2 
041 0 |a slo 
044 |a xo  |c SK 
080 |a 339.9  |2 1981 
080 |a 339.5  |2 1981 
100 1 |a Šíbl, Drahoš,  |d 1934-2007  |4 aut  |9 244648 
245 1 0 |a Posledná alternatíva - návrat k rozumu  |c Drahoš Šíbl 
300 |b Obr. 1. 
650 0 7 |a zahraničný obchod  |2 snkbucl  |9 2200 
650 0 7 |a protekcionizmus  |2 snkbucl  |9 2156 
655 7 |a články z novín a časopisov  |2 snkbucl  |9 267496 
773 0 |t Nové slovo  |g Roč. 24, č. 40 (1982), s. 11 
850 |a Slovenská národná knižnica v Martine  |a MTA001 
852 |a SNK  |b KIS3GCP 
958 |a RK 
992 |a RBX 
999 |c 2264813  |d 2266743